AH International Schools' Libraries

On the farm: (Record no. 49165)

MARC details
000 -LEADER
fixed length control field 00346nam a2200121 4500
020 ## - INTERNATIONAL STANDARD BOOK NUMBER
International Standard Book Number 9781610676656
100 ## - MAIN ENTRY--PERSONAL NAME
Personal name Behar, Susie
9 (RLIN) 85921
245 ## - TITLE STATEMENT
Title On the farm:
Remainder of title a shine-a-light book /
Statement of responsibility, etc Susie Behar & Essi Limpimaki
260 ## - PUBLICATION, DISTRIBUTION, ETC. (IMPRINT)
Place of publication, distribution, etc China
Name of publisher, distributor, etc EDC Publishing
Date of publication, distribution, etc 2018
300 ## - PHYSICAL DESCRIPTION
Extent unpaged.
Other physical details col. ill.
Dimensions 27 cm.
650 ## - SUBJECT ADDED ENTRY--TOPICAL TERM
Topical term or geographic name as entry element Farm
9 (RLIN) 86487
942 ## - ADDED ENTRY ELEMENTS (KOHA)
Source of classification or shelving scheme
Koha item type Book
Holdings
Withdrawn status Lost status Source of classification or shelving scheme Damaged status Not for loan Collection code Home library Current library Shelving location Date acquired Total Checkouts Full call number Barcode Checked out Date last seen Date checked out Price effective from Koha item type
          TEACHERS' RESOURCES Asian Hope Early Years Library Asian Hope Early Years Library Easy Reading 08/07/2025 1 E BEH 208899 08/08/2025 08/08/2025 08/08/2025 08/07/2025 Book

For any Logos Library related questions please contact Miss Art at swongnarasuk@asianhope.org.

For any Asian Hope Library related questions please contact Miss Raza at graza@asianhope.org.

Powered by Koha